[Event "Monarch Assurance Isle of Man 16th"]
[Site "Port Erin"]
[Date "2007.09.24"]
[Round "3.14"]
[White "Kobalia, Mikhail"]
[Black "Ly, Moulthun"]
[Result "1-0"]
[WhiteElo "2634"]
[BlackElo "2295"]
[PlyCount "109"]
[EventDate "2007.09.22"]
[EventType "swiss"]
[EventRounds "9"]
[EventCountry "IOM"]

1. e4 e6 2. d4 d5 3. Nd2 c5 4. Ngf3 a6 5. dxc5 Bxc5 6. Bd3 Nc6 7. a3 Nge7 8.
O-O O-O 9. b4 Ba7 10. Bb2 Ng6 11. g3 d4 12. Re1 f6 13. Kg2 Kh8 14. h4 Nge5 15.
Nxe5 Nxe5 16. Bf1 b5 17. f4 Nf7 18. Bd3 Bb7 19. Kh2 Qc7 20. a4 e5 21. f5 Nd6
22. Qe2 Rfc8 23. axb5 axb5 24. Bc1 Nc4 25. Nb3 Bb6 26. Rxa8 Rxa8 27. g4 Qd6 28.
Nc5 Bxc5 29. bxc5 Qxc5 30. g5 Rc8 31. Qh5 Qf8 32. Rg1 Ne3 33. Bxe3 dxe3 34. Qe2
Qc5 35. Rg3 b4 36. Rxe3 Bc6 37. Rg3 Ba4 38. Qg4 Qf8 39. Qd1 Qc5 40. Rg2 Qf8 41.
Qa1 Ra8 42. Qb1 Rc8 43. Qa2 Be8 44. Qa6 Rd8 45. Bc4 fxg5 46. hxg5 Qd6 47. Qxd6
Rxd6 48. Bd5 Bc6 49. Rd2 Bxd5 50. Rxd5 Rxd5 51. exd5 Kg8 52. Kg3 Kf7 53. Kf3
Ke7 54. Ke4 Kd6 55. g6 1-0

[Event "Monarch Assurance Isle of Man 16th"]
[Site "Port Erin"]
[Date "2007.09.24"]
[Round "3.15"]
[White "Svetushkin, Dmitry"]
[Black "Bannink, Bernard"]
[Result "1-0"]
[WhiteElo "2618"]
[BlackElo "2271"]
[PlyCount "87"]
[EventDate "2007.09.22"]
[EventType "swiss"]
[EventRounds "9"]
[EventCountry "IOM"]

1. d4 d5 2. c4 c6 3. Nf3 Nf6 4. e3 Bf5 5. Nc3 e6 6. Nh4 Bg6 7. Nxg6 hxg6 8. g3
Nbd7 9. Bg2 a6 10. Qe2 b5 11. b3 Bb4 12. Bd2 bxc4 13. bxc4 Nb6 14. c5 Nc4 15.
O-O Qa5 16. Rfc1 Nxd2 17. Qxd2 O-O 18. Rab1 Rab8 19. Rb3 Rb5 20. Qb2 Bxc3 21.
Qxc3 Qxa2 22. Ra3 Qb2 23. Qxb2 Rxb2 24. Rxa6 Rc8 25. Rca1 Kf8 26. Bf3 Rc7 27.
Ra7 Rbb7 28. Ra8+ Ke7 29. Kg2 Nd7 30. g4 g5 31. Rg8 g6 32. Raa8 e5 33. h4 exd4
34. exd4 Nf6 35. Rh8 Ne4 36. h5 gxh5 37. gxh5 f5 38. Rag8 g4 39. Bxe4 dxe4 40.
Rg6 Kf7 41. Kg3 Rb3+ 42. Kf4 Rf3+ 43. Kg5 Re7 44. h6 1-0

[Event "Monarch Assurance Isle of Man 16th"]
[Site "Port Erin"]
[Date "2007.09.24"]
[Round "3.16"]
[White "Georgiev, Vladimir"]
[Black "Bentley, John L"]
[Result "1-0"]
[WhiteElo "2567"]
[BlackElo "2242"]
[PlyCount "91"]
[EventDate "2007.09.22"]
[EventType "swiss"]
[EventRounds "9"]
[EventCountry "IOM"]

1. d4 g6 2. e4 Bg7 3. c4 d6 4. Nc3 Nf6 5. Bd3 O-O 6. Nge2 Nc6 7. O-O Nh5 8. Be3
e5 9. d5 Ne7 10. Qd2 f5 11. exf5 gxf5 12. Ng3 Nf4 13. Bxf4 exf4 14. Nh5 Ng6 15.
Nxg7 Kxg7 16. Ne2 Qg5 17. g3 Bd7 18. Kh1 h6 19. Nxf4 Nxf4 20. gxf4 Qf6 21. Rg1+
Kh7 22. Rg3 c5 23. Re1 Rae8 24. Ree3 Re7 25. Qe2 Rfe8 26. Qh5 Rxe3 27. fxe3 Rg8
28. Qe2 Re8 29. Qg4 Qf7 30. a4 Rg8 31. Qh4 Re8 32. b3 Rf8 33. Kg2 Qf6 34. Qxf6
Rxf6 35. e4 fxe4 36. Bxe4+ Kh8 37. Kf3 a5 38. Bg6 Bc8 39. h4 h5 40. Bxh5 Bf5
41. Bg4 Bc2 42. Be6 Bxb3 43. f5 Bxa4 44. Kf4 b5 45. cxb5 Bxb5 46. Rg8+ 1-0

[Event "Monarch Assurance Isle of Man 16th"]
[Site "Port Erin"]
[Date "2007.09.24"]
[Round "3.17"]
[White "Hebden, Mark"]
[Black "Allen, Keith"]
[Result "1-0"]
[WhiteElo "2540"]
[BlackElo "2222"]
[PlyCount "73"]
[EventDate "2007.09.22"]
[EventType "swiss"]
[EventRounds "9"]
[EventCountry "IOM"]

1. d4 f5 2. g3 Nf6 3. Bg2 e6 4. Nf3 d5 5. O-O Bd6 6. c4 c6 7. Bf4 Bxf4 8. gxf4
O-O 9. Ne5 Nbd7 10. Nc3 Ne4 11. Rc1 Ndf6 12. e3 Bd7 13. Ne2 Be8 14. f3 Nd6 15.
b3 Kh8 16. Qe1 Rc8 17. Kh1 b6 18. c5 Nf7 19. Rc2 Rg8 20. Nc1 Nxe5 21. fxe5 Nh5
22. f4 g5 23. fxg5 Rxg5 24. Nd3 b5 25. Bf3 Rc7 26. a4 bxa4 27. bxa4 Rcg7 28.
Nf4 Nxf4 29. exf4 Rg4 30. Bxg4 fxg4 31. f5 exf5 32. Rxf5 Bg6 33. Rcf2 Bxf5 34.
Rxf5 Kg8 35. e6 Qe8 36. Qe5 Rg6 37. e7 1-0

[Event "Monarch Assurance Isle of Man 16th"]
[Site "Port Erin"]
[Date "2007.09.24"]
[Round "3.19"]
[White "Taylor, Peter P"]
[Black "Kunin, Vitaly"]
[Result "1/2-1/2"]
[WhiteElo "2209"]
[BlackElo "2507"]
[PlyCount "120"]
[EventDate "2007.09.22"]
[EventType "swiss"]
[EventRounds "9"]
[EventCountry "IOM"]

1. c4 e5 2. g3 d6 3. Nc3 Nc6 4. Bg2 f5 5. d3 Nf6 6. e4 fxe4 7. dxe4 Bg4 8. f3
Be6 9. Nd5 Nd4 10. Ne2 Nxe2 11. Qxe2 c6 12. Nxf6+ gxf6 13. O-O Qa5 14. Be3
O-O-O 15. a3 Qa6 16. Rfc1 Kb8 17. b4 h5 18. b5 cxb5 19. cxb5 Qa4 20. f4 h4 21.
Qc2 Qxc2 22. Rxc2 hxg3 23. hxg3 Bh6 24. Kf2 exf4 25. Bxf4 Bxf4 26. gxf4 f5 27.
Rh1 Rhf8 28. Rh6 Bg8 29. e5 dxe5 30. fxe5 Rfe8 31. b6 Bd5 32. Bxd5 Rxd5 33.
bxa7+ Kxa7 34. e6 Rd6 35. Re2 Ra6 36. Rf6 Re7 37. Kf3 Rxa3+ 38. Kf4 Kb6 39. Rf7
Re8 40. Ke5 f4 41. Rxf4 Kc5 42. Rc2+ Kb5 43. Re4 b6 44. Rc7 Ra4 45. Re1 Rc4 46.
Rxc4 Kxc4 47. Rc1+ Kb4 48. Kd6 b5 49. Kd7 Rh8 50. e7 Rh7 51. Re1 Kc3 52. Kc6
Rxe7 53. Rxe7 b4 54. Kb5 b3 55. Re3+ Kc2 56. Re2+ Kc3 57. Ka4 b2 58. Re1 Kc2
59. Ka3 b1=Q 60. Rxb1 Kxb1 1/2-1/2

[Event "Monarch Assurance Isle of Man 16th"]
[Site "Port Erin"]
[Date "2007.09.24"]
[Round "3.20"]
[White "Weeks, Manuel"]
[Black "Heberla, Bartlomiej"]
[Result "0-1"]
[WhiteElo "2200"]
[BlackElo "2484"]
[PlyCount "64"]
[EventDate "2007.09.22"]
[EventType "swiss"]
[EventRounds "9"]
[EventCountry "IOM"]

1. e4 c5 2. Nf3 d6 3. d4 cxd4 4. Nxd4 Nf6 5. Nc3 Bd7 6. Bc4 e6 7. Be3 Be7 8.
Qe2 a6 9. Bb3 b5 10. f3 O-O 11. O-O-O b4 12. Nb1 a5 13. Nd2 d5 14. exd5 exd5
15. Bg5 a4 16. Bxf6 Bxf6 17. Bxd5 Ra5 18. Qc4 Bxd4 19. Qxd4 Be6 20. Qxb4 Rxd5
21. Ne4 Qa5 22. Qa3 Nc6 23. Rxd5 Bxd5 24. Nc3 Ra8 25. Rd1 Be6 26. Ne4 Nb4 27.
Nc3 Rb8 28. Kb1 h6 29. Qxa4 Bxa2+ 30. Ka1 Qxa4 31. Nxa4 Be6 32. Kb1 Nxc2 0-1

[Event "Monarch Assurance Isle of Man 16th"]
[Site "Port Erin"]
[Date "2007.09.24"]
[Round "3.21"]
[White "Haslinger, Stewart"]
[Black "Smokina, Karolina"]
[Result "1/2-1/2"]
[WhiteElo "2468"]
[BlackElo "2205"]
[PlyCount "91"]
[EventDate "2007.09.22"]
[EventType "swiss"]
[EventRounds "9"]
[EventCountry "IOM"]

1. e4 c5 2. Nf3 Nc6 3. d4 cxd4 4. Nxd4 e5 5. Nb5 d6 6. N1c3 a6 7. Na3 b5 8. Nd5
Nge7 9. c4 Nd4 10. cxb5 Nxd5 11. exd5 Be7 12. Bc4 O-O 13. bxa6 f5 14. Be3 Bf6
15. O-O f4 16. Bxd4 exd4 17. Bd3 Bxa6 18. Bxa6 Rxa6 19. Qd3 Qa8 20. Rac1 Ra5
21. Rc6 Be5 22. Rfc1 Qb7 23. R1c2 f3 24. gxf3 Qe7 25. Rc8 Qg5+ 26. Kf1 Ra8 27.
Rxa8 Rxa8 28. Nb5 Bxh2 29. Nc7 Rxa2 30. Ne6 Ra1+ 31. Ke2 Qxd5 32. Rc8+ Kf7 33.
Nxd4 Qe5+ 34. Qe4 h5 35. Rc7+ Kf6 36. Rc6 Qxe4+ 37. fxe4 Be5 38. Nf3 Ra2 39.
Nxe5 Rxb2+ 40. Ke3 Kxe5 41. f4+ Ke6 42. e5 Rb3+ 43. Ke4 Rb4+ 44. Ke3 Rb3+ 45.
Ke4 Rb4+ 46. Ke3 1/2-1/2

[Event "Monarch Assurance Isle of Man 16th"]
[Site "Port Erin"]
[Date "2007.09.24"]
[Round "3.22"]
[White "Van den Bersselaar, Jeroen"]
[Black "Smerdon, David"]
[Result "0-1"]
[WhiteElo "2183"]
[BlackElo "2461"]
[PlyCount "70"]
[EventDate "2007.09.22"]
[EventType "swiss"]
[EventRounds "9"]
[EventCountry "IOM"]

1. d4 Nf6 2. Nf3 e6 3. Bf4 c5 4. c3 Be7 5. e3 Nh5 6. Bg3 b6 7. Nbd2 Bb7 8. Bd3
Nc6 9. Nc4 d6 10. a3 g6 11. e4 cxd4 12. cxd4 Nxg3 13. hxg3 d5 14. Ncd2 dxe4 15.
Nxe4 Kf8 16. Bc2 Ba6 17. Qd2 Rc8 18. Rd1 Qd5 19. Qh6+ Kg8 20. Nc3 Qa5 21. Bd3
Nxd4 22. Nxd4 Bg5 23. Qxg5 Qxg5 24. Bxa6 Rxc3 25. bxc3 Qa5 26. Be2 Qxc3+ 27.
Kf1 Qxa3 28. Nb5 Qa2 29. Rh4 Kg7 30. Rf4 g5 31. Rc4 h5 32. Rc7 h4 33. Bc4 Qc2
34. Rdd7 a6 35. Nd4 Qd1# 0-1

[Event "Monarch Assurance Isle of Man 16th"]
[Site "Port Erin"]
[Date "2007.09.24"]
[Round "3.23"]
[White "Paehtz, Elisabeth"]
[Black "Wright, William"]
[Result "1-0"]
[WhiteElo "2457"]
[BlackElo "2186"]
[PlyCount "45"]
[EventDate "2007.09.22"]
[EventType "swiss"]
[EventRounds "9"]
[EventCountry "IOM"]

1. b3 d5 2. Bb2 Bf5 3. e3 e6 4. f4 Nf6 5. Nf3 Nbd7 6. g3 c6 7. Bg2 Qc7 8. O-O
Bd6 9. d3 Bg4 10. h3 Bxf3 11. Qxf3 h5 12. Nd2 O-O-O 13. Kh1 e5 14. c4 exf4 15.
gxf4 Kb8 16. cxd5 cxd5 17. Rac1 Qa5 18. Nc4 Qa6 19. Nxd6 Qxd6 20. e4 dxe4 21.
dxe4 Qa6 22. e5 Ng8 23. Ba3 1-0

[Event "Monarch Assurance Isle of Man 16th"]
[Site "Port Erin"]
[Date "2007.09.24"]
[Round "3.24"]
[White "Ferguson, Mark"]
[Black "Yeo, Michael J"]
[Result "1-0"]
[WhiteElo "2413"]
[BlackElo "2153"]
[PlyCount "47"]
[EventDate "2007.09.22"]
[EventType "swiss"]
[EventRounds "9"]
[EventCountry "IOM"]

1. e4 e5 2. Nf3 Nf6 3. Nxe5 d6 4. Nf3 Nxe4 5. d4 d5 6. Bd3 Nc6 7. O-O Bg4 8. c4
Bxf3 9. Qxf3 Nxd4 10. Qe3 Nf5 11. Qh3 Qd7 12. cxd5 Ned6 13. Re1+ Be7 14. Bg5
Kd8 15. Bxe7+ Nxe7 16. Qh4 f6 17. Nc3 Nef5 18. Bxf5 Nxf5 19. Qb4 b6 20. Re6 a5
21. Qf4 Nd6 22. Ne4 Re8 23. Nxd6 Rxe6 24. dxe6 1-0

[Event "Monarch Assurance Isle of Man 16th"]
[Site "Port Erin"]
[Date "2007.09.24"]
[Round "3.25"]
[White "Troyke, Doreen"]
[Black "Collins, Sam IRL"]
[Result "0-1"]
[WhiteElo "2151"]
[BlackElo "2405"]
[PlyCount "78"]
[EventDate "2007.09.22"]
[EventType "swiss"]
[EventRounds "9"]
[EventCountry "IOM"]

1. c4 e6 2. g3 d5 3. Bg2 Nf6 4. Nf3 c6 5. b3 Bd6 6. O-O e5 7. Bb2 Qe7 8. d3 O-O
9. cxd5 cxd5 10. Nc3 d4 11. Nb5 Bb4 12. Qc1 Bd7 13. Na3 Rc8 14. Nc4 b5 15.
Nfxe5 bxc4 16. Nxd7 Nbxd7 17. Bxa8 c3 18. Bg2 Re8 19. Rb1 cxb2 20. Qxb2 Bc3 21.
Qc1 Qxe2 22. Qa3 a5 23. Bc6 Re6 24. Qa4 Ne5 25. Bg2 h5 26. h3 Nxd3 27. Qc4 Ne1
28. Qxe2 Rxe2 29. a3 Nc2 30. Bf3 Re5 31. a4 d3 32. Rbc1 Bd2 33. Rb1 Nd4 34. Bd1
Ne4 35. Kg2 Nc3 36. Rb2 Bc1 37. f4 Rc5 38. Rbf2 Be3 39. Rb2 Nxd1 0-1

[Event "Monarch Assurance Isle of Man 16th"]
[Site "Port Erin"]
[Date "2007.09.24"]
[Round "3.26"]
[White "Troyke, Christian"]
[Black "Goodger, Martyn"]
[Result "1-0"]
[WhiteElo "2386"]
[BlackElo "2093"]
[PlyCount "73"]
[EventDate "2007.09.22"]
[EventType "swiss"]
[EventRounds "9"]
[EventCountry "IOM"]

1. g3 f5 2. Bg2 Nf6 3. c4 g6 4. Nc3 Bg7 5. e3 d6 6. Nge2 O-O 7. O-O e5 8. d3 a5
9. Rb1 Na6 10. b3 c6 11. Bb2 Bd7 12. Qd2 Rb8 13. f4 b5 14. Rbe1 b4 15. Nd1 Qc7
16. Nf2 Rbe8 17. fxe5 dxe5 18. d4 e4 19. Kh1 Qb7 20. Qc2 h5 21. Nf4 Kh7 22. Qe2
Nc7 23. Rd1 Ra8 24. h3 Rae8 25. Rd2 Ne6 26. Rfd1 Nxf4 27. gxf4 h4 28. Kg1 Bh6
29. d5 Nh5 30. dxc6 Bxc6 31. Rd6 Bxf4 32. exf4 Nxf4 33. Qe3 Nxg2 34. Qg5 Nf4
35. Rxg6 Ne2+ 36. Kf1 Ng3+ 37. Ke1 1-0

[Event "Monarch Assurance Isle of Man 16th"]
[Site "Port Erin"]
[Date "2007.09.24"]
[Round "3.27"]
[White "Noordhoek, Henk"]
[Black "Kolbus, Dietmar"]
[Result "0-1"]
[WhiteElo "2102"]
[BlackElo "2384"]
[PlyCount "66"]
[EventDate "2007.09.22"]
[EventType "swiss"]
[EventRounds "9"]
[EventCountry "IOM"]

1. e4 c5 2. Nf3 e6 3. b3 Nc6 4. Bb2 d6 5. g3 Nf6 6. Qe2 e5 7. Bg2 g6 8. O-O Bg7
9. c3 O-O 10. Na3 Qe7 11. Rad1 Re8 12. Nc2 b6 13. d3 Bb7 14. Ne3 Qc7 15. Nh4
Ne7 16. c4 Nc6 17. f3 Nd4 18. Qf2 Qd7 19. h3 Nh5 20. Kh1 Bf6 21. Ng4 Bxh4 22.
gxh4 f5 23. Ne3 f4 24. Ng4 Qe7 25. Kh2 Ng3 26. Rg1 Qxh4 27. Bf1 Bc8 28. Bc3 h5
29. Ne3 Nxf1+ 30. Qxf1 fxe3 31. Rxg6+ Kh7 32. Qg2 Qxh3+ 33. Qxh3 Bxh3 0-1

[Event "Monarch Assurance Isle of Man 16th"]
[Site "Port Erin"]
[Date "2007.09.24"]
[Round "3.28"]
[White "Fraser-Mitchell, Jeremy"]
[Black "Welling, Gerard"]
[Result "0-1"]
[WhiteElo "2097"]
[BlackElo "2364"]
[PlyCount "68"]
[EventDate "2007.09.22"]
[EventType "swiss"]
[EventRounds "9"]
[EventCountry "IOM"]

1. d4 c6 2. c4 b5 3. cxb5 cxb5 4. e4 Bb7 5. Bd3 Nf6 6. Qe2 Nc6 7. d5 Nd4 8. Qe3
e5 9. Ne2 Bc5 10. Qg5 O-O 11. Nbc3 Qa5 12. O-O d6 13. Bd2 b4 14. Nxd4 Bxd4 15.
Nb5 Nxe4 16. Qf5 Bxd5 17. Nxd4 g6 18. Nb3 gxf5 19. Nxa5 Nxd2 20. Rfd1 Ne4 21.
f3 Nf6 22. Bxf5 Rab8 23. Rac1 Rb6 24. b3 Ra6 25. Nc6 Bxc6 26. Rxd6 Nd5 27. Bd3
Rxa2 28. Rcxc6 Nf4 29. Bc2 Ne2+ 30. Kf1 Nd4 31. Bb1 Ra1 32. Rc1 Nxb3 33. Rcd1
a5 34. R6d3 a4 0-1

[Event "Monarch Assurance Isle of Man 16th"]
[Site "Port Erin"]
[Date "2007.09.24"]
[Round "3.29"]
[White "Fairbairn, Stephen"]
[Black "Zozulia, Anna"]
[Result "0-1"]
[WhiteElo "2091"]
[BlackElo "2332"]
[PlyCount "48"]
[EventDate "2007.09.22"]
[EventType "swiss"]
[EventRounds "9"]
[EventCountry "IOM"]

1. c4 e5 2. g3 Nc6 3. Bg2 g6 4. Nc3 Bg7 5. e4 Nge7 6. Nge2 d6 7. O-O O-O 8. d3
Be6 9. Nd5 f5 10. Bg5 h6 11. Be3 Qd7 12. Qd2 Kh7 13. Rae1 a5 14. Nec3 Rf7 15.
Nxe7 Rxe7 16. exf5 Bxf5 17. Nd5 Rf7 18. Re2 Raf8 19. f4 exf4 20. Rxf4 Ne5 21.
Rh4 Bxd3 22. Bxh6 Rf1+ 23. Bxf1 Nf3+ 24. Kg2 Nxh4+ 0-1

[Event "Monarch Assurance Isle of Man 16th"]
[Site "Port Erin"]
[Date "2007.09.24"]
[Round "3.30"]
[White "Obers, Frits"]
[Black "Prosviriakov, Vladimir"]
[Result "0-1"]
[WhiteElo "2073"]
[BlackElo "2319"]
[PlyCount "92"]
[EventDate "2007.09.22"]
[EventType "swiss"]
[EventRounds "9"]
[EventCountry "IOM"]

1. c4 e5 2. g3 Nf6 3. Bg2 d5 4. cxd5 Nxd5 5. Nf3 Nc6 6. O-O Be7 7. d4 e4 8. Ne5
f5 9. Nxc6 bxc6 10. Qa4 Qd6 11. Nc3 Nb6 12. Qd1 Bf6 13. e3 Ba6 14. Re1 O-O 15.
f3 exf3 16. Bxf3 Rae8 17. Bd2 c5 18. dxc5 Qxc5 19. Na4 Qd6 20. Nxb6 axb6 21.
Qb3+ Kh8 22. Rad1 Qe6 23. Bd5 Qe7 24. Bc6 Qe6 25. Bd5 Qc8 26. Bc3 Bb7 27. Bxf6
Rxf6 28. Bxb7 Qxb7 29. Rd7 Qc6 30. Red1 Rfe6 31. Qc3 Qxc3 32. bxc3 c5 33. Rf7
Rxe3 34. Rdd7 Rg8 35. Rb7 Rxc3 36. Rxf5 h6 37. Rff7 Rc2 38. a4 Rd8 39. Rxb6
Rd1+ 40. Rf1 Rdd2 41. Rf8+ Kh7 42. a5 Rg2+ 43. Kh1 Rxh2+ 44. Kg1 Rhg2+ 45. Kh1
Rxg3 46. a6 Ra3 0-1

[Event "Monarch Assurance Isle of Man 16th"]
[Site "Port Erin"]
[Date "2007.09.24"]
[Round "3.31"]
[White "Szieberth, Adam"]
[Black "Marks, Ian A"]
[Result "1-0"]
[WhiteElo "2315"]
[BlackElo "1914"]
[PlyCount "121"]
[EventDate "2007.09.22"]
[EventType "swiss"]
[EventRounds "9"]
[EventCountry "IOM"]

1. e4 c5 2. Nf3 d6 3. d4 cxd4 4. Nxd4 Nf6 5. Nc3 a6 6. f4 e6 7. Qf3 Qb6 8. Nb3
Nc6 9. Be3 Qc7 10. Bd3 b5 11. O-O Bb7 12. Qg3 h5 13. h3 h4 14. Qf2 Be7 15. a4
b4 16. Ne2 d5 17. e5 Ne4 18. Bxe4 dxe4 19. Bb6 Qc8 20. Nc5 Bxc5 21. Bxc5 a5 22.
Nd4 Nxd4 23. Qxd4 Qc6 24. Rf2 Rd8 25. Bd6 f5 26. Qe3 Qd5 27. Rd2 Qc6 28. Rad1
Kf7 29. Bxb4 Rxd2 30. Bxd2 Rd8 31. Rc1 Qxa4 32. b3 Qd4 33. Qxd4 Rxd4 34. Be3
Rd5 35. Ra1 g5 36. fxg5 Rxe5 37. c4 f4 38. Bxf4 Rf5 39. Bd2 Kg6 40. Rxa5 Rxa5
41. Bxa5 Kxg5 42. Bd8+ Kh5 43. Bb6 Kg5 44. Kf2 Kf4 45. b4 Ba6 46. b5 Bb7 47.
Be3+ Kf5 48. c5 Bd5 49. c6 Ke5 50. c7 Bb7 51. Bg5 Kd6 52. b6 Kc6 53. Bxh4 Kxb6
54. Bd8 Kc6 55. h4 Kd7 56. h5 Ke8 57. g4 Kf7 58. g5 Kg7 59. Bf6+ Kf7 60. Be5
Kg8 61. g6 1-0

[Event "Monarch Assurance Isle of Man 16th"]
[Site "Port Erin"]
[Date "2007.09.24"]
[Round "3.32"]
[White "Majer, Chris E"]
[Black "Ashton, Adam"]
[Result "0-1"]
[WhiteElo "2041"]
[BlackElo "2295"]
[PlyCount "70"]
[EventDate "2007.09.22"]
[EventType "swiss"]
[EventRounds "9"]
[EventCountry "IOM"]

1. e4 e5 2. Bc4 Nf6 3. d4 exd4 4. Nf3 Nc6 5. e5 d5 6. Bb5 Ne4 7. Nxd4 Bd7 8.
Bxc6 bxc6 9. O-O Bc5 10. Be3 Bb6 11. f3 Ng5 12. f4 Ne4 13. Nd2 c5 14. N4b3 Nxd2
15. Qxd2 d4 16. Bf2 Bc6 17. c4 Qd7 18. Bg3 Qf5 19. Rae1 O-O 20. Rf2 a5 21. Nc1
a4 22. Qd3 Bd7 23. Rd1 Ba5 24. h3 Rab8 25. Bh2 h5 26. Qf3 Rb4 27. b3 axb3 28.
axb3 Rb6 29. Ra2 Bc3 30. Qd5 Rg6 31. Ra8 Rxa8 32. Qxa8+ Kh7 33. g3 Bc6 34. Qa2
Qe4 35. Kf1 Qf3+ 0-1

[Event "Monarch Assurance Isle of Man 16th"]
[Site "Port Erin"]
[Date "2007.09.24"]
[Round "3.33"]
[White "Egozi, Nadav"]
[Black "Bradford, Joseph"]
[Result "1/2-1/2"]
[WhiteElo "2205"]
[BlackElo "2406"]
[PlyCount "72"]
[EventDate "2007.09.22"]
[EventType "swiss"]
[EventRounds "9"]
[EventCountry "IOM"]

1. d4 Nf6 2. c4 e6 3. Nf3 d5 4. Nc3 Bb4 5. Bg5 Nbd7 6. cxd5 exd5 7. Qc2 O-O 8.
e3 c5 9. Be2 Qa5 10. O-O Re8 11. Bf4 Bxc3 12. bxc3 b6 13. Rfc1 Ba6 14. Ne5 Nxe5
15. Bxe5 Nd7 16. Bxa6 Qxa6 17. Bf4 Rac8 18. Qf5 Qb7 19. h4 Nf6 20. Be5 Qd7 21.
Qf3 Ne4 22. h5 f6 23. Bf4 Qe6 24. Qe2 c4 25. f3 Nd6 26. g4 Nf7 27. Kg2 Re7 28.
Rf1 Rce8 29. Rae1 Qc6 30. Qc2 Nd8 31. Rf2 b5 32. Rfe2 a5 33. a3 Ne6 34. Bg3 Ng5
35. Bf4 Ne6 36. Bg3 Ng5 1/2-1/2

[Event "Monarch Assurance Isle of Man 16th"]
[Site "Port Erin"]
[Date "2007.09.24"]
[Round "3.34"]
[White "Mueller, Matthias"]
[Black "Adams, Phil"]
[Result "1/2-1/2"]
[WhiteElo "2405"]
[BlackElo "2144"]
[PlyCount "78"]
[EventDate "2007.09.22"]
[EventType "swiss"]
[EventRounds "9"]
[EventCountry "IOM"]

1. e4 c5 2. Nf3 Nc6 3. d4 cxd4 4. Nxd4 g6 5. c4 Nf6 6. Nc3 d6 7. Be2 Bg7 8. Be3
O-O 9. O-O Nxd4 10. Bxd4 Bd7 11. Qd2 Bc6 12. Bd3 a5 13. Rae1 a4 14. Nd5 Nd7 15.
Bxg7 Kxg7 16. Re3 e5 17. Rh3 h5 18. f4 Bxd5 19. exd5 f5 20. Kh1 e4 21. Be2 Qf6
22. Rg3 h4 23. Rc3 Nc5 24. Qe3 Rh8 25. Kg1 Ra6 26. Rb1 Kf7 27. Ra3 Rha8 28. Qd2
b6 29. Rc3 Ke7 30. Rh3 Rh8 {(=)} 31. Qe3 Kd7 32. Qf2 Raa8 33. Bf1 Kc7 34. Qd2
Rhe8 35. Re1 Rg8 36. Qf2 Rh8 37. Qd2 Rhg8 38. Qf2 Rh8 39. Qd2 Rhg8 1/2-1/2

[Event "Monarch Assurance Isle of Man 16th"]
[Site "Port Erin"]
[Date "2007.09.24"]
[Round "3.35"]
[White "Cox, John J"]
[Black "Collier, David"]
[Result "1-0"]
[WhiteElo "2381"]
[BlackElo "2131"]
[PlyCount "55"]
[EventDate "2007.09.22"]
[EventType "swiss"]
[EventRounds "9"]
[EventCountry "IOM"]

1. d4 Nf6 2. c4 e6 3. Nc3 Bb4 4. Qc2 b6 5. e4 Bb7 6. Bd3 Nc6 7. Nge2 e5 8. d5
Ne7 9. O-O Bxc3 10. Qxc3 d6 11. f4 Nd7 12. b4 a5 13. a3 axb4 14. axb4 Rxa1 15.
Qxa1 O-O 16. Bb2 f6 17. Qa7 Bc8 18. f5 g6 19. g4 Rf7 20. Bc1 gxf5 21. gxf5 Rg7+
22. Kf2 c6 23. Qa8 c5 24. b5 Qe8 25. Ng3 h5 26. h4 Kh8 27. Be2 Rh7 28. Rg1 1-0

[Event "Monarch Assurance Isle of Man 16th"]
[Site "Port Erin"]
[Date "2007.09.24"]
[Round "3.37"]
[White "Spanton, Tim"]
[Black "Shachar, Ehud"]
[Result "0-1"]
[WhiteElo "1982"]
[BlackElo "2353"]
[PlyCount "44"]
[EventDate "2007.09.22"]
[EventType "swiss"]
[EventRounds "9"]
[EventCountry "IOM"]

1. e4 e6 2. d3 d5 3. Qe2 Nf6 4. Nf3 Be7 5. g3 c5 6. Bg2 Nc6 7. O-O b6 8. Nbd2
a5 9. Re1 Ba6 10. c4 dxc4 11. dxc4 e5 12. Nf1 Nd4 13. Nxd4 cxd4 14. Rd1 Bc5 15.
Bg5 h6 16. Bc1 O-O 17. Ne3 Re8 18. b3 a4 19. Nf5 axb3 20. axb3 Bxc4 21. bxc4
Rxa1 22. Nxg7 Rxc1 0-1

[Event "Monarch Assurance Isle of Man 16th"]
[Site "Port Erin"]
[Date "2007.09.24"]
[Round "3.38"]
[White "Klinova, Masha"]
[Black "Fox, Anthony"]
[Result "1-0"]
[WhiteElo "2326"]
[BlackElo "2084"]
[PlyCount "135"]
[EventDate "2007.09.22"]
[EventType "swiss"]
[EventRounds "9"]
[EventCountry "IOM"]

1. e4 e5 2. Nf3 Nc6 3. Bc4 Nf6 4. d3 Be7 5. O-O O-O 6. Bb3 d6 7. c3 Na5 8. Bc2
c5 9. Nbd2 h6 10. Re1 Qc7 11. Nf1 Nc6 12. Ng3 Re8 13. a3 a5 14. h3 Bf8 15. Nh4
g6 16. Be3 b5 17. Nf3 Bg7 18. d4 cxd4 19. cxd4 exd4 20. Nxd4 Nxd4 21. Bxd4 Bb7
22. Rc1 Qd7 23. Qd2 h5 24. Qf4 Nh7 25. Rcd1 Be5 26. Bxe5 dxe5 27. Rxd7 exf4 28.
Rxb7 fxg3 29. Rxb5 gxf2+ 30. Kxf2 Rec8 31. Re2 Nf8 32. Bb3 Rab8 33. Rxb8 Rxb8
34. Bd5 Kg7 35. Ke3 Nd7 36. Rc2 Nf6 37. Bc6 Kf8 38. Kd4 Ke7 39. e5 Ne8 40. Bd5
f6 41. Re2 fxe5+ 42. Rxe5+ Kf6 43. Re6+ Kf5 44. Re2 h4 45. Kc5 Nf6 46. Bc6 Rb3
47. Kc4 Rb6 48. Bf3 a4 49. Kc5 Nd7+ 50. Kd4 Rd6+ 51. Kc3 Ne5 52. Be4+ Kf4 53.
Bc2 Nd7 54. Bxa4 Nf6 55. b4 Ne4+ 56. Kb2 g5 57. Rc2 Kg3 58. Bc6 Nf2 59. b5 Nd1+
60. Kb3 Ne3 61. Rc3 Kf2 62. a4 Rd1 63. a5 Rb1+ 64. Ka2 Rb4 65. a6 Ke2 66. a7
Nd1 67. Bf3+ Kd2 68. Bxd1 1-0

[Event "Monarch Assurance Isle of Man 16th"]
[Site "Port Erin"]
[Date "2007.09.24"]
[Round "3.39"]
[White "Weisbuch, Udi"]
[Black "Walton, Alan J"]
[Result "1-0"]
[WhiteElo "2284"]
[BlackElo "2223"]
[PlyCount "107"]
[EventDate "2007.09.22"]
[EventType "swiss"]
[EventRounds "9"]
[EventCountry "IOM"]

1. e4 e6 2. d4 d5 3. Nd2 Nf6 4. e5 Nfd7 5. Bd3 c5 6. c3 Nc6 7. Ne2 cxd4 8. cxd4
Qb6 9. Nf3 f6 10. exf6 Nxf6 11. O-O Bd6 12. Re1 O-O 13. Ng3 Kh8 14. Bc2 Bd7 15.
b3 a5 16. a3 Rac8 17. Bg5 Qc7 18. Qd3 Ne7 19. Bb1 Qc3 20. Ne2 Qxd3 21. Bxd3 Nc6
22. Bf4 Bxf4 23. Nxf4 Ne4 24. Ne2 Nd6 25. Rac1 g6 26. h3 Nf7 27. Nc3 Rce8 28.
Bb5 Nfd8 29. Bxc6 Bxc6 30. Re3 Kg7 31. Rce1 h6 32. g3 Rf7 33. b4 Ref8 34. Kg2
e5 35. R1e2 e4 36. Ne5 Rf5 37. b5 Be8 38. Nxd5 Bxb5 39. Rb2 Nc6 40. Nc7 Nxd4
41. Rxe4 Rxe5 42. Rxe5 Bc6+ 43. Kf1 Kf6 44. f4 Rd8 45. Rd2 Rd7 46. Kf2 Kf7 47.
g4 a4 48. Ke3 Rxc7 49. Rxd4 Bg2 50. h4 Bh3 51. f5 Rc3+ 52. Kd2 Rg3 53. Rd7+ Kf8
54. Ra5 1-0

[Event "Monarch Assurance Isle of Man 16th"]
[Site "Port Erin"]
[Date "2007.09.24"]
[Round "3.40"]
[White "Hutchinson, Norman A"]
[Black "Pavlovic, Milos"]
[Result "0-1"]
[WhiteElo "2079"]
[BlackElo "2541"]
[PlyCount "96"]
[EventDate "2007.09.22"]
[EventType "swiss"]
[EventRounds "9"]
[EventCountry "IOM"]

1. e4 e5 2. Nf3 Nc6 3. Bb5 a6 4. Ba4 Nf6 5. O-O b5 6. Bb3 Bc5 7. c3 d6 8. d4
Bb6 9. dxe5 Nxe5 10. Nxe5 dxe5 11. Qxd8+ Kxd8 12. Bxf7 Rf8 13. Bd5 Nxd5 14.
exd5 Bb7 15. Be3 Bxe3 16. fxe3 Rxf1+ 17. Kxf1 Bxd5 18. Nd2 Ke7 19. e4 Be6 20.
b3 a5 21. Rc1 a4 22. c4 axb3 23. axb3 Ra2 24. Nf3 bxc4 25. bxc4 Kf6 26. h3 g5
27. Rc3 h5 28. Ne1 Ra4 29. Kf2 h4 30. Rf3+ Ke7 31. Nd3 Rxc4 32. Ke3 Rc2 33.
Nxe5 Kd6 34. Nf7+ Bxf7 35. Rxf7 Rxg2 36. e5+ Kxe5 37. Rxc7 Rg3+ 38. Kf2 Rxh3
39. Kg2 Rg3+ 40. Kh2 Kf5 41. Rc5+ Kg4 42. Rc4+ Kh5 43. Rc8 Ra3 44. Rc4 Ra2+ 45.
Kg1 h3 46. Rb4 g4 47. Rb5+ Kh4 48. Rb3 Ra1+ 0-1